Manual de construcción en acero
Salvato in:
| Natura: | Libro |
|---|---|
| Pubblicazione: |
México : Noriega,
1997
|
| Soggetti: | |
| Tags: |
Aggiungi Tag
Nessun Tag, puoi essere il primo ad aggiungerne!!
|
MARC
| LEADER | 00000nam a2200000Ia 4500 | ||
|---|---|---|---|
| 003 | 000195 | ||
| 005 | 20221231144014.0 | ||
| 008 | 140114s1997 mx a 000 ||s d | ||
| 040 | |c cru CEDI | ||
| 082 | |a 624.182.1 M294m3 | ||
| 245 | |a Manual de construcción en acero | ||
| 260 | |a México : Noriega, |c 1997 | ||
| 300 | |a volúmenes : ilustraciones ; 26 cm | ||
| 500 | |a El Centro de Documentación e Información contiene: v. 1. | ||
| 650 | |x DISEÑO DE ESTRUCTURAS |x MEDIDAS DE SEGURIDAD |x CONSTRUCCIONES METALICAS |x ESPECIFICACIONES |x ESTRUCTURAS DE ACERO |x DISEÑO |9 18908 | ||
| 942 | |2 ddc |c BK | ||
| 999 | |c 15501 |d 15501 | ||
